<?xml version="1.0" encoding="UTF-8"?>
<record
    xmlns:xsi="http://www.w3.org/2001/XMLSchema-instance"
    xsi:schemaLocation="http://www.loc.gov/MARC21/slim http://www.loc.gov/standards/marcxml/schema/MARC21slim.xsd"
    xmlns="http://www.loc.gov/MARC21/slim">

  <leader>01700nam a22001937a 4500</leader>
  <controlfield tag="008">120608t        xxu||||| |||| 00| 0 eng d</controlfield>
  <datafield tag="020" ind1=" " ind2=" ">
    <subfield code="a">9780073263427</subfield>
  </datafield>
  <datafield tag="050" ind1=" " ind2=" ">
    <subfield code="a">HF5667.M46</subfield>
  </datafield>
  <datafield tag="100" ind1=" " ind2=" ">
    <subfield code="a">Messier, William F.</subfield>
  </datafield>
  <datafield tag="245" ind1=" " ind2=" ">
    <subfield code="a">Study guide and casebook for use with auditing and assurance services. /</subfield>
    <subfield code="c">William F. Messier,Steren M. Glover and Douglas  P. Frawitt.</subfield>
  </datafield>
  <datafield tag="250" ind1=" " ind2=" ">
    <subfield code="a">5th</subfield>
  </datafield>
  <datafield tag="260" ind1=" " ind2=" ">
    <subfield code="a">New York:</subfield>
    <subfield code="b">McGraw- hill,</subfield>
    <subfield code="c">2008.</subfield>
  </datafield>
  <datafield tag="300" ind1=" " ind2=" ">
    <subfield code="a">xxi, 587 p.:</subfield>
    <subfield code="b">ill.;</subfield>
    <subfield code="c">26cm.</subfield>
  </datafield>
  <datafield tag="505" ind1=" " ind2=" ">
    <subfield code="a">Contents: Townsend office supplies and equipment: Chapter summaries: An Introduction to assurance and financial statement auditing -- The Financial statement auditing environment -- Risk assessment and materiality -- Audit evidence and audit documentation -- Audit planning and types of audit tests -- Internal control in a financial statement audit -- Auditing internal control over financial reporting -- Auditing sampling: An Overview and application to tests of controls -- Audit sampling: an application to substantive tests of account balances -- Auditing the revenue process -- Auditing the purchasing process -- Auditing the human resource management process -- Auditing the financing / investing process: longterm liabilities, stockholders' equity and income statement accounts --Auditing the financing/ investing process: cash and investment -- Completing the engagement -- Reports on audited financial statements -- Professional conduct, independence and quality control -- Legal liability -- Assurance, attestation and internal auditing services -- Extra crossword puzzles and solutions.</subfield>
  </datafield>
  <datafield tag="650" ind1=" " ind2=" ">
    <subfield code="a">Auditing.</subfield>
  </datafield>
  <datafield tag="700" ind1=" " ind2=" ">
    <subfield code="a">Glover  Steren M. </subfield>
  </datafield>
  <datafield tag="700" ind1=" " ind2=" ">
    <subfield code="a">Frawitt .Douglas  P. </subfield>
  </datafield>
  <datafield tag="942" ind1=" " ind2=" ">
    <subfield code="2">lcc</subfield>
    <subfield code="c">BK</subfield>
  </datafield>
  <datafield tag="999" ind1=" " ind2=" ">
    <subfield code="c">1185</subfield>
    <subfield code="d">8685</subfield>
  </datafield>
  <datafield tag="952" ind1=" " ind2=" ">
    <subfield code="0">0</subfield>
    <subfield code="1">0</subfield>
    <subfield code="2">lcc</subfield>
    <subfield code="4">0</subfield>
    <subfield code="7">0</subfield>
    <subfield code="a">WIUC-1</subfield>
    <subfield code="b">WIUC-1</subfield>
    <subfield code="c">GEN</subfield>
    <subfield code="d">2012-06-08</subfield>
    <subfield code="l">0</subfield>
    <subfield code="o">HF5667.M46</subfield>
    <subfield code="p">3154/12</subfield>
    <subfield code="r">2012-06-08 00:00:00</subfield>
    <subfield code="t">1</subfield>
    <subfield code="w">2012-06-08</subfield>
    <subfield code="y">BK</subfield>
  </datafield>
  <datafield tag="952" ind1=" " ind2=" ">
    <subfield code="0">0</subfield>
    <subfield code="1">0</subfield>
    <subfield code="2">lcc</subfield>
    <subfield code="4">0</subfield>
    <subfield code="7">0</subfield>
    <subfield code="a">WIUC-1</subfield>
    <subfield code="b">WIUC-1</subfield>
    <subfield code="c">GEN</subfield>
    <subfield code="d">2012-06-08</subfield>
    <subfield code="l">0</subfield>
    <subfield code="o">HF5667.M461</subfield>
    <subfield code="p">3155/12</subfield>
    <subfield code="r">2012-06-08 00:00:00</subfield>
    <subfield code="t">2</subfield>
    <subfield code="w">2012-06-08</subfield>
    <subfield code="y">BK</subfield>
  </datafield>
  <datafield tag="952" ind1=" " ind2=" ">
    <subfield code="0">0</subfield>
    <subfield code="1">0</subfield>
    <subfield code="2">lcc</subfield>
    <subfield code="4">0</subfield>
    <subfield code="7">0</subfield>
    <subfield code="a">WIUC-1</subfield>
    <subfield code="b">WIUC-1</subfield>
    <subfield code="c">GEN</subfield>
    <subfield code="d">2012-06-08</subfield>
    <subfield code="l">0</subfield>
    <subfield code="o">HF5667.M462</subfield>
    <subfield code="p">3156/12</subfield>
    <subfield code="r">2012-06-08 00:00:00</subfield>
    <subfield code="t">3</subfield>
    <subfield code="w">2012-06-08</subfield>
    <subfield code="y">BK</subfield>
  </datafield>
</record>
